Statistics for Countries and Territories that Have Officially Adopted Cryptocurrency

Click here to take the quiz!

General Stats

  • This quiz has been taken 19 times
    (11 since last reset)
  • The average score is 3 of 14

Answer Stats

Year adopted:Answer% Correct
2021El Salvador
89%
2022Antigua and Barbuda
22%
2020Bahamas
22%
2022Central African Republic
22%
2022Dominica
22%
2022Grenada
22%
2018Marshall Islands
22%
2021Nigeria
22%
2022Saint Kitts and Nevis
22%
2022Saint Lucia
22%
2022Saint Vincent and the Grenadines
22%
2022Anguilla
11%
2022Montserrat
11%
2022Jamaica
0%

Score Distribution

Percentile by Number Answered

Percent of People with Each Score

Your Score History

You have not taken this quiz since the last reset